Datum a čas kvízu

36 Celkem bodů Celkový počet nahraných bodů na tomto kvízu bez doplňovacích otázek.
4. Pořadí na kvízu Konečné umístění týmu na tomto kvízu.

Zaznamenané odpovědi

# Otázka Odpověď Body Výsledky
1. Jak se jmenuje náměstek pražsk... Zdeněk Hřib 1
2. Minulý týden jsme se dozvěděli... A) ve lžíci bagru 1
3. Od čtvrtka do soboty měly tisí... Hra o trůny/Game of Thrones 1
4. Nápad vědců z brněnské Mendelo... B) mangové pecky 1
5. Jakub Vágner prožívá výjimečno... sumec 1
6. Hned na začátku tohoto tématu... pekanové (0,5 b.), makadamové (1 b.) 0.5
7. V jedné populární české písnič... Báječná ženská, Michal Tučný 1
8. Jak se jedním kratším slovem n... gola 1
9. Který oříšek se na české Wikip... muškátový 1
10. Který z těchto výroků o pohádc... D 1